[Event "DVM U20 2005"]
[Site "Berlin GER"]
[Date "2005.12.27"]
[Round "1"]
[White "Becker, Johannes"]
[Black "Wall, Max"]
[Result "0-1"]
[Termination "normal"]
[Board "4.6"]
[WhiteElo "1744"]
[BlackElo "1889"]
[WhiteTeam "Heilbronner SV"]
[BlackTeam "HSK-Post SV Hannover"]
[PlyCount "96"]
[BlackFideId "24620530"]
[EventCountry "GER"]
[EventRounds "7"]
[EventType "team-swiss"]
[EventDate "2005.12.26"]

1. e4 c5 2. Nc3 Nc6 3. g3 g6 4. Bg2 Bg7 5. d3 d6 6. f4 e5 7. Nf3 Nge7 8. Be3
Nd4 9. O-O O-O 10. Qd2 f6 11. h3 Be6 12. Nd1 Qd7 13. Kh2 d5 14. Qf2 Nxf3+ 15.
Qxf3 d4 16. Bd2 Rac8 17. g4 b5 18. f5 Bf7 19. h4 Rc6 20. Bh3 Qd6 21. Qg3 c4 22.
g5 Kh8 23. gxf6 Bxf6 24. Bg5 Ng8 25. Nf2 cxd3 26. Qxd3 Bc4 27. Qd2 Bxf1 28.
Rxf1 Bxg5 29. hxg5 gxf5 30. Bxf5 Ne7 31. Ng4 Nxf5 32. exf5 e4+ 33. Kh3 Rc5 34.
f6 e3 35. Qb4 a5 36. Qa3 b4 37. Qd3 Rxg5 38. Kh4 Qd5 39. f7 Rh5+ 40. Kg3 Qd6+
41. Kg2 Qd5+ 42. Kg3 {(=)} Kg7 43. c3 Qd6+ 44. Kg2 Rg5 45. Kh3 h5 46. Kh4 Rxg4+
47. Kxh5 Qg6+ 48. Qxg6+ Rxg6 0-1

[Event "DVM U20 2005"]
[Site "Berlin GER"]
[Date "2005.12.27"]
[Round "1"]
[White "Hillmann, Michael"]
[Black "Stellwagen, Robin"]
[Result "1-0"]
[Termination "normal"]
[Board "5.1"]
[WhiteElo "2067"]
[BlackElo "2167"]
[WhiteTeam "SV Sangerhausen"]
[BlackTeam "Hamburger SK von 1830"]
[PlyCount "103"]
[WhiteFideId "24609889"]
[BlackFideId "24601918"]
[EventCountry "GER"]
[EventRounds "7"]
[EventType "team-swiss"]
[EventDate "2005.12.26"]

1. d4 Nf6 2. Nf3 g6 3. c4 Bg7 4. Nc3 O-O 5. e4 d6 6. Be2 e5 7. O-O Nc6 8. d5
Ne7 9. Ne1 Nd7 10. Be3 f5 11. f3 f4 12. Bf2 g5 13. Nd3 Rf7 14. c5 Nf6 15. Rc1
Ng6 16. cxd6 cxd6 17. Nb5 a6 18. Nc3 h5 19. Na4 Bd7 20. Nb6 Rb8 21. Nxd7 Rxd7
22. h3 Bh6 23. Rc4 g4 24. fxg4 b5 25. Rc2 Nxe4 26. gxh5 Nxf2 27. Nxf2 Nh4 28.
Bg4 Rg7 29. Ne4 f3 30. g3 Ng2 31. Qxf3 Ne3 32. Rc6 Nxf1 33. Qxf1 Be3+ 34. Kg2
Qf8 35. Qxf8+ Rxf8 36. Rxd6 Rc7 37. Rc6 Rxc6 38. dxc6 Bb6 39. Be6+ Kg7 40. g4
Kh6 41. Bf5 Rd8 42. Bd7 Rf8 43. Kg3 b4 44. g5+ Kg7 45. h4 Rf1 46. h6+ Kh8 47.
Kg4 Rf4+ 48. Kh5 Bd8 49. c7 Bxc7 50. g6 Bd8 51. g7+ Kh7 52. Ng5+ 1-0

[Event "DVM U20 2005"]
[Site "Berlin GER"]
[Date "2005.12.27"]
[Round "1"]
[White "Strache, Michael"]
[Black "Schnock, Stefan"]
[Result "1-0"]
[Termination "normal"]
[Board "5.3"]
[WhiteElo "2066"]
[BlackElo "2030"]
[WhiteTeam "SV Sangerhausen"]
[BlackTeam "Hamburger SK von 1830"]
[PlyCount "79"]
[WhiteFideId "4693183"]
[BlackFideId "4696646"]
[EventCountry "GER"]
[EventRounds "7"]
[EventType "team-swiss"]
[EventDate "2005.12.26"]

1. e4 c5 2. Nc3 Nc6 3. f4 g6 4. Nf3 Bg7 5. g3 e6 6. Bg2 Nge7 7. O-O d5 8. e5
Nf5 9. d3 h5 10. Bd2 b6 11. Qe1 Bb7 12. Nd1 d4 13. Nf2 Nce7 14. Ne4 Kf8 15.
Nfg5 Qd7 16. c4 dxc3 17. bxc3 Rd8 18. Rd1 Bc6 19. Bc1 Ba4 20. Rd2 Nd5 21. Bh1
h4 22. Re2 hxg3 23. hxg3 Bc6 24. g4 Nh6 25. Qg3 Nxc3 26. Nxc3 Bxh1 27. Nce4
Qd4+ 28. Be3 Qa4 29. Nd6 Ba8 30. Rh2 Ke7 31. Rh4 Qxa2 32. Bf2 Qd5 33. Nge4 Rdg8
34. Ra1 a5 35. Rb1 g5 36. Rxb6 gxh4 37. Qxh4+ f6 38. exf6+ Kd7 39. fxg7 Qxd3
40. Nxc5+ 1-0

[Event "DVM U20 2005"]
[Site "Berlin GER"]
[Date "2005.12.27"]
[Round "1"]
[White "Stejskal, Janina Maria"]
[Black "Wendling, Hannes"]
[Result "1/2-1/2"]
[Termination "normal"]
[Board "5.4"]
[WhiteElo "2045"]
[BlackElo "2088"]
[WhiteTeam "Hamburger SK von 1830"]
[BlackTeam "SV Sangerhausen"]
[PlyCount "50"]
[WhiteFideId "24601942"]
[BlackFideId "24624284"]
[EventCountry "GER"]
[EventRounds "7"]
[EventType "team-swiss"]
[EventDate "2005.12.26"]

1. e4 c5 2. Nf3 d6 3. d3 Nc6 4. g3 g6 5. Bg2 Bg7 6. O-O e5 7. Nc3 Nge7 8. Bd2
O-O 9. Qc1 Rb8 10. Bh6 f5 11. Bxg7 Kxg7 12. exf5 gxf5 13. Qg5+ Ng6 14. Qxd8
Rxd8 15. Nd5 Rf8 16. Rae1 h6 17. Nd2 f4 18. gxf4 Nxf4 19. Nxf4 exf4 20. Bxc6
bxc6 21. Re7+ Kh8 22. b3 Bh3 23. Rfe1 Rg8+ 24. Kh1 Bg2+ 25. Kg1 Bh3+ {(=)}
1/2-1/2

[Event "DVM U20 2005"]
[Site "Berlin GER"]
[Date "2005.12.27"]
[Round "1"]
[White "Bürckner, Georg"]
[Black "Salenko, Vadym"]
[Result "1-0"]
[Termination "normal"]
[Board "5.5"]
[WhiteElo "1816"]
[BlackElo "2005"]
[WhiteTeam "SV Sangerhausen"]
[BlackTeam "Hamburger SK von 1830"]
[PlyCount "61"]
[WhiteFideId "24646903"]
[BlackFideId "14117320"]
[EventCountry "GER"]
[EventRounds "7"]
[EventType "team-swiss"]
[EventDate "2005.12.26"]

1. e4 c5 2. c3 d6 3. d4 cxd4 4. cxd4 g6 5. Nf3 Bg7 6. Be2 Nc6 7. Nc3 f5 8. d5
Ne5 9. Nd4 Nf6 10. Bb5+ Kf7 11. Ne6 Bxe6 12. dxe6+ Kg8 13. exf5 gxf5 14. O-O h5
15. Bd3 Nxd3 16. Qxd3 Qa5 17. Bg5 Kh7 18. b4 Qe5 19. Rae1 Ne4 20. Nxe4 fxe4 21.
Rxe4 Qf5 22. h4 Rac8 23. Qe2 Kg6 24. Rf4 Qc2 25. Qb5 Rhf8 26. Rxf8 Rxf8 27.
Bxe7 Rf5 28. Qe8+ Kh6 29. Bg5+ Kh7 30. Qxh5+ Kg8 31. e7 1-0

[Event "DVM U20 2005"]
[Site "Berlin GER"]
[Date "2005.12.27"]
[Round "1"]
[White "Müller, Philipp"]
[Black "Richter, Dustin"]
[Result "1-0"]
[Termination "normal"]
[Board "5.6"]
[WhiteElo "1994"]
[BlackElo "1432"]
[WhiteTeam "Hamburger SK von 1830"]
[BlackTeam "SV Sangerhausen"]
[PlyCount "77"]
[WhiteFideId "24620262"]
[BlackFideId "4649001"]
[EventCountry "GER"]
[EventRounds "7"]
[EventType "team-swiss"]
[EventDate "2005.12.26"]

1. d4 Nf6 2. c4 g6 3. Nc3 Bg7 4. e4 d6 5. Nf3 O-O 6. Be2 e5 7. O-O Nbd7 8. d5
Nc5 9. Qc2 Kh8 10. h3 Nh5 11. b4 Na6 12. a3 f5 13. Ng5 Nf4 14. Nf3 g5 15. exf5
Bxf5 16. Ne4 h6 17. Bd1 c6 18. dxc6 bxc6 19. Re1 Nc7 20. Qa2 d5 21. Ng3 Bd3 22.
Nxe5 dxc4 23. Bxf4 gxf4 24. Nh5 Qg5 25. Nxg7 Qxg7 26. Bf3 Ne6 27. Nxd3 Nd4 28.
Ne5 Rae8 29. Ng4 h5 30. Nh2 Rxe1+ 31. Rxe1 Rg8 32. Be4 f3 33. g3 Ne2+ 34. Kh1
Qd4 35. Qa1 c3 36. Bxf3 c2 37. Qxd4+ Nxd4 38. Bxh5 Rd8 39. Rc1 1-0

[Event "DVM U20 2005"]
[Site "Berlin GER"]
[Date "2005.12.27"]
[Round "1"]
[White "Armbrust, Florian"]
[Black "Süß, Stefan"]
[Result "1-0"]
[Termination "normal"]
[Board "6.1"]
[WhiteElo "2280"]
[BlackElo "2021"]
[WhiteTeam "TSV Schott Mainz"]
[BlackTeam "FSV Großenseebach"]
[PlyCount "94"]
[WhiteFideId "4691350"]
[BlackFideId "24606090"]
[EventCountry "GER"]
[EventRounds "7"]
[EventType "team-swiss"]
[EventDate "2005.12.26"]

1. e4 c5 2. Nc3 Nc6 3. Bb5 g6 4. Bxc6 dxc6 5. d3 Bg7 6. Be3 b6 7. Qd2 Ba6 8. f4
Qd7 9. Nf3 O-O-O 10. a4 c4 11. a5 Qb7 12. axb6 axb6 13. d4 Nf6 14. Ne5 Rhf8 15.
Qe2 Ne8 16. Nxc4 Kb8 17. e5 Nc7 18. b3 Nd5 19. Ne4 Bb5 20. O-O f5 21. Ng5 Qd7
22. Nxh7 Rh8 23. Ng5 Nxe3 24. Qxe3 Bxc4 25. bxc4 Qxd4 26. Qxd4 Rxd4 27. Ne6
Bxe5 28. fxe5 Rxc4 29. Ra6 Kb7 30. Rfa1 c5 31. Ra7+ Kc6 32. Rd1 Rhh4 33. Nd8+
Kb5 34. Rc1 Rhd4 35. Ne6 Re4 36. Rxe7 Kc6 37. Nd8+ Kb5 38. e6 Re2 39. c3 Rf4
40. Rf1 Ra4 41. Rg7 Ra8 42. Rd1 Kc4 43. Rxg6 Kxc3 44. Nc6 b5 45. Kf1 Re4 46. e7
Ra2 47. Re1 Rf4+ 1-0

[Event "DVM U20 2005"]
[Site "Berlin GER"]
[Date "2005.12.27"]
[Round "1"]
[White "Borel, Markus"]
[Black "Lohr, Matthias"]
[Result "0-1"]
[Termination "normal"]
[Board "6.2"]
[WhiteElo "1965"]
[BlackElo "2146"]
[WhiteTeam "FSV Großenseebach"]
[BlackTeam "TSV Schott Mainz"]
[PlyCount "82"]
[WhiteFideId "24605522"]
[BlackFideId "4692772"]
[EventCountry "GER"]
[EventRounds "7"]
[EventType "team-swiss"]
[EventDate "2005.12.26"]

1. e4 c5 2. d3 Nc6 3. g3 d5 4. exd5 Qxd5 5. Qf3 Qd6 6. Bg2 Nf6 7. h3 g6 8. Nc3
Bg7 9. Qe2 O-O 10. Nf3 e5 11. O-O Re8 12. Ne4 Nxe4 13. dxe4 b6 14. c3 a5 15.
Rd1 Qc7 16. Nh4 Ba6 17. Qc2 Bb7 18. Be3 Nd8 19. Rd2 Ne6 20. Rad1 Bc6 21. Rd3
Qb7 22. f3 Bf6 23. Qd2 Qe7 24. Qf2 Rad8 25. Bf1 Rxd3 26. Bxd3 Rd8 27. Be2 Rxd1+
28. Bxd1 Ng5 29. Kh2 Qd7 30. Qf1 Bb5 31. c4 Bxc4 32. Qxc4 Qxd1 33. Bxg5 Bxg5
34. Ng2 Qxf3 35. Qb5 Qf6 36. Qe8+ Kg7 37. Qd7 Bc1 38. Qb5 Qd6 39. b3 Bb2 40. a4
Bd4 41. Nh4 Qf6 0-1

[Event "DVM U20 2005"]
[Site "Berlin GER"]
[Date "2005.12.27"]
[Round "1"]
[White "Kühner, Christian"]
[Black "Kohlmann, Adrian"]
[Result "1-0"]
[Termination "normal"]
[Board "6.3"]
[WhiteElo "2143"]
[BlackElo "1938"]
[WhiteTeam "TSV Schott Mainz"]
[BlackTeam "FSV Großenseebach"]
[PlyCount "73"]
[WhiteFideId "4679440"]
[BlackFideId "24636908"]
[EventCountry "GER"]
[EventRounds "7"]
[EventType "team-swiss"]
[EventDate "2005.12.26"]

1. c4 g6 2. Nc3 Bg7 3. g3 c5 4. Bg2 Nc6 5. Nf3 d6 6. O-O Nf6 7. d4 Bf5 8. Qa4
O-O 9. dxc5 dxc5 10. Rd1 Qc8 11. Be3 Nb4 12. Rac1 Ne4 13. Nxe4 Bxe4 14. a3 Bc6
15. Qb3 Na6 16. Bd2 e5 17. Bc3 f6 18. Rd2 Nc7 19. Ne1 e4 20. Nc2 Bh6 21. e3 Rd8
22. Rcd1 Rxd2 23. Rxd2 Qe6 24. Na1 Bf8 25. Bf1 Be7 26. Qd1 a5 27. a4 b6 28. b3
Ne8 {(=)} 29. Nc2 Nd6 30. Ne1 Nf7 31. Ng2 g5 32. h4 f5 33. hxg5 Nxg5 34. Nf4
Nf3+ 35. Qxf3 exf3 36. Nxe6 Kf7 37. Nf4 1-0

[Event "DVM U20 2005"]
[Site "Berlin GER"]
[Date "2005.12.27"]
[Round "1"]
[White "Katte, Isabel"]
[Black "Quaschner, Tobias"]
[Result "1/2-1/2"]
[Termination "normal"]
[Board "6.5"]
[WhiteElo "1950"]
[BlackElo "1705"]
[WhiteTeam "TSV Schott Mainz"]
[BlackTeam "FSV Großenseebach"]
[PlyCount "52"]
[WhiteFideId "24612987"]
[BlackFideId "24646989"]
[EventCountry "GER"]
[EventRounds "7"]
[EventType "team-swiss"]
[EventDate "2005.12.26"]

1. e4 c5 2. Nc3 Nc6 3. f4 d6 4. Nf3 Nf6 5. Bc4 e6 6. O-O Be7 7. d3 O-O 8. Kh1
a6 9. a4 b6 10. Qe1 Bb7 11. Qg3 d5 12. Bb3 dxe4 13. Nxe4 Nxe4 14. dxe4 Na5 15.
Nd2 Nxb3 16. Qxb3 Bc6 17. Qg3 Qc7 18. e5 b5 19. axb5 axb5 20. Rxa8 Rxa8 21. Nf3
Ra1 22. Qf2 Qb7 23. Qd2 Qd7 24. Qe2 Qb7 25. Qd2 Qd7 26. Qe2 Qb7 1/2-1/2

[Event "DVM U20 2005"]
[Site "Berlin GER"]
[Date "2005.12.27"]
[Round "1"]
[White "Nemeth-Csoka, Mihaly"]
[Black "Khalat, David"]
[Result "1-0"]
[Termination "normal"]
[Board "6.6"]
[WhiteElo "1455"]
[BlackElo "1640"]
[WhiteTeam "FSV Großenseebach"]
[BlackTeam "TSV Schott Mainz"]
[PlyCount "37"]
[WhiteFideId "24659436"]
[EventCountry "GER"]
[EventRounds "7"]
[EventType "team-swiss"]
[EventDate "2005.12.26"]

1. e4 d5 2. exd5 Nf6 3. d4 Nxd5 4. c4 Nb6 5. Nc3 Nc6 6. Be3 Bf5 7. a3 a5 8. Nf3
e6 9. d5 exd5 10. cxd5 Ne7 11. Bxb6 Qd6 12. Be3 Rc8 13. Bb5+ Kd8 14. O-O h6 15.
Qb3 g5 16. Rfd1 Bg7 17. Bd4 Bxd4 18. Nxd4 Bg6 19. Nc6+ 1-0

[Event "DVM U20 2005"]
[Site "Berlin GER"]
[Date "2005.12.27"]
[Round "1"]
[White "Pilgram, Alexander"]
[Black "Suchin, Dimitry"]
[Result "1/2-1/2"]
[Termination "normal"]
[Board "7.1"]
[WhiteElo "1922"]
[BlackElo "2276"]
[WhiteTeam "SG Porz"]
[BlackTeam "SK König Tegel"]
[PlyCount "119"]
[BlackFideId "4671015"]
[EventCountry "GER"]
[EventRounds "7"]
[EventType "team-swiss"]
[EventDate "2005.12.26"]

1. e4 e5 2. Nf3 Nc6 3. Bc4 Bc5 4. O-O Nf6 5. Nc3 O-O 6. d3 h6 7. a3 a6 8. Nd5
d6 9. h3 Nxd5 10. Bxd5 Qf6 11. c3 Ba7 12. Qe2 Ne7 13. Bb3 Ng6 14. Kh1 Bd7 15.
Bd2 Kh8 16. Rad1 Rae8 17. Nh2 Qh4 18. Nf3 Qe7 19. Nh2 Qh4 20. Nf3 Qh5 21. Ng1
Qxe2 22. Nxe2 f5 23. f3 Rf6 24. exf5 Bxf5 25. Bc1 Rff8 26. Ng3 Bd7 27. Rde1 Nf4
28. Bxf4 Rxf4 29. Re2 Ref8 30. Bd5 c6 31. Bb3 Re8 32. Rfe1 Rff8 33. Bc2 Bb6 34.
b4 Bc7 {(=)} 35. a4 d5 36. Nf1 Bf5 37. Nd2 g5 38. a5 Kg7 39. Nf1 Bg6 40. Ne3 h5
41. Kg1 Kf6 42. Rd1 b6 43. Ba4 Re6 44. axb6 Bxb6 45. Kf1 Ke7 46. Ke1 Rd8 47.
Kd2 Ba7 48. Bb3 Red6 49. Nc2 Kf6 {(=)} 50. Rde1 Re6 51. Ra1 c5 52. bxc5 Bxc5
53. d4 Bxc2 54. dxe5+ Rxe5 55. Rxa6+ Rd6 56. Rxd6+ Bxd6 57. Bxc2 Rxe2+ 58. Kxe2
h4 59. Kd3 Ke5 60. Bb3 1/2-1/2

[Event "DVM U20 2005"]
[Site "Berlin GER"]
[Date "2005.12.27"]
[Round "1"]
[White "Bubolz, Konstantin"]
[Black "Rudnik, Kirill"]
[Result "1-0"]
[Termination "normal"]
[Board "7.2"]
[WhiteElo "2042"]
[BlackElo "1877"]
[WhiteTeam "SK König Tegel"]
[BlackTeam "SG Porz"]
[PlyCount "65"]
[WhiteFideId "24610194"]
[EventCountry "GER"]
[EventRounds "7"]
[EventType "team-swiss"]
[EventDate "2005.12.26"]

1. d4 d5 2. c4 e6 3. Nc3 Nf6 4. cxd5 exd5 5. Bg5 c6 6. Qc2 Be7 7. e3 Ne4 8.
Bxe7 Qxe7 9. Nxd5 cxd5 10. Qxc8+ Qd8 11. Bb5+ Nc6 12. Bxc6+ bxc6 13. Qxc6+ Kf8
14. Ne2 Rc8 15. Qa4 h5 16. O-O Qg5 17. Rac1 Re8 18. Rc7 Rh6 19. Nf4 Rf6 20.
Rfc1 Nxf2 21. Rc8 Nh3+ 22. Nxh3 Qxe3+ 23. Kh1 Rfe6 24. Rxe8+ Rxe8 25. Qa3+ Qxa3
26. bxa3 Re4 27. Rd1 Re3 28. Nf4 Rxa3 29. Nxd5 Rxa2 30. Nb4 Rb2 31. Nc6 a6 32.
d5 Ke8 33. d6 1-0

[Event "DVM U20 2005"]
[Site "Berlin GER"]
[Date "2005.12.27"]
[Round "1"]
[White "Karmann, Alexander"]
[Black "Jahnz, Fabian"]
[Result "0-1"]
[Termination "time forfeit"]
[Board "7.3"]
[WhiteElo "1816"]
[BlackElo "2166"]
[WhiteTeam "SG Porz"]
[BlackTeam "SK König Tegel"]
[PlyCount "79"]
[WhiteFideId "24629863"]
[BlackFideId "4653300"]
[EventCountry "GER"]
[EventRounds "7"]
[EventType "team-swiss"]
[EventDate "2005.12.26"]

1. e4 c5 2. Nf3 e6 3. d4 cxd4 4. Nxd4 a6 5. Be3 Nc6 6. Be2 Nf6 7. Nd2 Qc7 8. c3
d5 9. Bf3 Ne5 10. O-O Bd6 11. h3 O-O 12. exd5 Nxf3+ 13. Qxf3 Nxd5 14. Ne4 Nxe3
15. Qxe3 Bf4 16. Qf3 Bd7 17. Nc5 Qxc5 18. Qxf4 e5 19. Nb3 Qe7 20. Qe3 Rad8 21.
Rfe1 Rfe8 22. Rad1 Bc6 23. Rd2 {(=)} Rxd2 24. Nxd2 Qd6 25. Nf3 Qg6 26. Qg5 Qxg5
27. Nxg5 f6 28. Nf3 Rd8 29. Kf1 Rd3 30. Re3 Rd1+ 31. Re1 Bb5+ 32. Kg1 Rd3 33.
Re3 Rd6 34. b3 Kf7 35. c4 Bc6 36. Kf1 Rd1+ 37. Re1 Rd3 38. Re3 Rxe3 39. fxe3
Ke6 40. Nd2 0-1

[Event "DVM U20 2005"]
[Site "Berlin GER"]
[Date "2005.12.27"]
[Round "1"]
[White "Hertwig, Christopher"]
[Black "Senay, Baris"]
[Result "0-1"]
[Termination "normal"]
[Board "7.4"]
[WhiteElo "1939"]
[BlackElo "1852"]
[WhiteTeam "SK König Tegel"]
[BlackTeam "SG Porz"]
[PlyCount "96"]
[WhiteFideId "24614700"]
[BlackFideId "24676020"]
[EventCountry "GER"]
[EventRounds "7"]
[EventType "team-swiss"]
[EventDate "2005.12.26"]

1. c4 c5 2. Nf3 e6 3. g3 Nf6 4. Nc3 b6 5. Bg2 Bb7 6. O-O Be7 7. d4 cxd4 8. Qxd4
Nc6 9. Qf4 Qb8 10. Qxb8+ Rxb8 11. Bf4 d6 12. Rfd1 e5 13. Bg5 Na5 14. b3 Ne4 15.
Nxe4 Bxe4 16. Bxe7 Kxe7 17. Nh4 Bxg2 18. Nxg2 Rhc8 19. Ne3 Ke6 20. g4 g6 21.
Rd5 f5 22. Rad1 Nb7 23. gxf5+ gxf5 24. f4 Rd8 25. Rf1 Rg8+ 26. Kh1 Rbf8 27.
Rfd1 Rd8 28. b4 h6 29. fxe5 f4 30. Nc2 dxe5 31. Na3 Nd6 32. h3 a6 33. b5 Rg3
34. c5 bxc5 35. Nc4 Rxh3+ 36. Kg2 Rg3+ 37. Kh2 Nxc4 38. Rxd8 axb5 39. Rc8 Ne3
40. Rdd8 Rg2+ 41. Kh3 Rg3+ 42. Kh2 Rg2+ 43. Kh3 Rxe2 44. Rxc5 Kf5 45. Rf8+ Ke4
46. Re8 Kf3 47. Rcxe5 Re1 48. Rxe3+ Rxe3 0-1

[Event "DVM U20 2005"]
[Site "Berlin GER"]
[Date "2005.12.27"]
[Round "1"]
[White "Guefen, Daniel"]
[Black "Rath, Oliver"]
[Result "0-1"]
[Termination "time forfeit"]
[Board "7.5"]
[WhiteElo "1740"]
[BlackElo "1900"]
[WhiteTeam "SG Porz"]
[BlackTeam "SK König Tegel"]
[PlyCount "75"]
[BlackFideId "24610380"]
[EventCountry "GER"]
[EventRounds "7"]
[EventType "team-swiss"]
[EventDate "2005.12.26"]

1. e4 c5 2. Nf3 Nc6 3. Bb5 Qc7 4. Nc3 e6 5. Bxc6 bxc6 6. e5 Ba6 7. d3 Ne7 8.
O-O Nd5 9. Ne4 d6 10. c4 Nb6 11. Bf4 d5 12. Nd6+ Bxd6 13. exd6 Qc8 14. Ne5 Nd7
15. Qg4 Kf8 16. cxd5 cxd5 17. Rfc1 h5 18. Qh4 Nxe5 19. Bxe5 Bxd3 20. Qe7+ Kg8
21. d7 Qd8 22. Qxc5 Qxd7 23. Qd4 f6 24. Rc7 Qd8 25. Qxd3 fxe5 26. Rac1 Rh6 27.
Qa6 Kh7 28. Rxa7 Rxa7 29. Qxa7 Rg6 30. Qe3 Qb8 31. b3 e4 32. Qh3 Qe5 33. Qc3
Qg5 34. g3 d4 35. Qe1 h4 36. Rd1 hxg3 37. hxg3 e3 38. Rxd4 0-1

[Event "DVM U20 2005"]
[Site "Berlin GER"]
[Date "2005.12.27"]
[Round "1"]
[White "Schulz, Reimar"]
[Black "Schehl, Michael"]
[Result "0-1"]
[Termination "normal"]
[Board "7.6"]
[WhiteElo "1531"]
[BlackElo "1653"]
[WhiteTeam "SK König Tegel"]
[BlackTeam "SG Porz"]
[PlyCount "28"]
[EventCountry "GER"]
[EventRounds "7"]
[EventType "team-swiss"]
[EventDate "2005.12.26"]

1. Nf3 d5 2. c4 d4 3. d3 c5 4. e3 Bg4 5. g3 Nc6 6. Bg2 h5 7. Qb3 Nf6 8. Qxb7
Nb4 9. Ne5 dxe3 10. Bxe3 Rc8 11. Bc6+ Nxc6 12. Nxc6 Qxd3 13. f3 Qxe3+ 14. Kf1
Bh3# 0-1

[Event "DVM U20 2005"]
[Site "Berlin GER"]
[Date "2005.12.27"]
[Round "1"]
[White "Zaragatski, Ilja"]
[Black "Koch, Moritz"]
[Result "1-0"]
[Termination "normal"]
[Board "8.1"]
[WhiteElo "2376"]
[BlackElo "2227"]
[WhiteTeam "SG Bochum 31"]
[BlackTeam "SV Puschendorf"]
[PlyCount "143"]
[WhiteFideId "4655192"]
[BlackFideId "4678460"]
[EventCountry "GER"]
[EventRounds "7"]
[EventType "team-swiss"]
[EventDate "2005.12.26"]

1. e4 c5 2. Nf3 Nc6 3. d4 cxd4 4. Nxd4 Nf6 5. Nc3 e5 6. Ndb5 d6 7. Bg5 a6 8.
Na3 b5 9. Bxf6 gxf6 10. Nd5 f5 11. c3 Bg7 12. exf5 Bxf5 13. Nc2 O-O 14. Nce3
Be6 15. Bd3 f5 16. Qh5 e4 17. Bc2 Ne7 18. Rd1 b4 19. Nxb4 a5 20. Nbd5 Nxd5 21.
Nxd5 Rb8 22. Bb3 a4 23. Nf4 Bxb3 24. axb3 Rxb3 25. Qe2 Qd7 26. Qc4+ Qf7 27.
Qxa4 Rxb2 28. O-O Be5 29. Nd5 Qh5 30. h3 Kh8 31. Qa3 {(=)} Rg8 32. c4 Qf3 33.
Qxf3 exf3 34. Ne3 h5 35. Rb1 Re2 36. Rfe1 Rxe1+ 37. Rxe1 f4 38. Nf5 Rxg2+ 39.
Kf1 Rg5 40. Nh4 Bf6 {(=)} 41. Nxf3 Rc5 42. Re4 Kg7 43. Rxf4 Kg6 44. Ne1 d5 45.
cxd5 Rxd5 46. Kg2 Rd2 47. Kf3 Bd4 48. Kg2 Bc5 49. Rf3 Kg5 50. Rg3+ Kf5 51. Rg5+
Kxg5 52. Nf3+ Kf4 53. Nxd2 Bd4 54. Nf1 Bb6 55. Ng3 Kg5 56. Ne4+ Kf4 57. Nf6 Kg5
58. Nd5 Bd4 59. f4+ Kf5 60. Kf3 Bb2 61. Ne3+ Kf6 62. Ke4 Bc1 63. Nd5+ Ke6 64.
f5+ Kd6 65. Nf4 h4 66. Ng6 Bg5 67. Kf3 Kd5 68. Kg4 Bf6 69. Nxh4 Ke4 70. Ng6 Kd5
71. h4 Bg7 72. Kg5 1-0

[Event "DVM U20 2005"]
[Site "Berlin GER"]
[Date "2005.12.27"]
[Round "1"]
[White "Lauer, Moritz"]
[Black "Zhang, Fan"]
[Result "1-0"]
[Termination "normal"]
[Board "8.2"]
[WhiteElo "2233"]
[BlackElo "2065"]
[WhiteTeam "SV Puschendorf"]
[BlackTeam "SG Bochum 31"]
[PlyCount "105"]
[WhiteFideId "4678354"]
[BlackFideId "24609730"]
[EventCountry "GER"]
[EventRounds "7"]
[EventType "team-swiss"]
[EventDate "2005.12.26"]

1. e4 e6 2. d4 d5 3. e5 c5 4. c3 Nc6 5. Nf3 Bd7 6. a3 c4 7. Nbd2 Na5 8. Be2 Bc6
9. O-O Qd7 10. b3 cxb3 11. Nxb3 Ba4 12. Nfd2 Ne7 13. Rb1 Rc8 14. Qe1 Nec6 15.
f4 Be7 16. Bd3 g6 17. g4 a6 18. f5 Bb5 19. Bxb5 axb5 20. f6 Bf8 21. Rf3 Ra8 22.
Nxa5 Nxa5 23. Qe2 Bh6 24. Qxb5 Qxb5 25. Rxb5 Bxd2 26. Bxd2 Nc4 27. Bc1 b6 28.
Rb3 Kd7 29. g5 Kc6 30. Kf1 Ra5 31. Ke2 Rb5 32. Rb4 Rxb4 33. cxb4 b5 34. Kd1 Kb7
35. Kc2 Nb6 36. Kb3 Rc8 37. Bd2 Na4 38. Rh3 Rh8 39. Rh6 Kc6 40. h4 Kd7 41. h5
gxh5 42. Rxh5 Nb6 43. Rh1 Nc4 44. Bf4 Nb6 45. g6 fxg6 46. Bh6 Rc8 47. f7 Ke7
48. f8=Q+ Rxf8 49. Bxf8+ Kxf8 50. Rxh7 Nc4 51. a4 bxa4+ 52. Kxa4 Kg8 53. Re7
1-0

[Event "DVM U20 2005"]
[Site "Berlin GER"]
[Date "2005.12.27"]
[Round "1"]
[White "Pilat, Daniel"]
[Black "Lowitz, Torsten"]
[Result "1/2-1/2"]
[Termination "normal"]
[Board "8.3"]
[WhiteElo "2144"]
[BlackElo "2117"]
[WhiteTeam "SG Bochum 31"]
[BlackTeam "SV Puschendorf"]
[PlyCount "65"]
[WhiteFideId "24602116"]
[BlackFideId "4681924"]
[EventCountry "GER"]
[EventRounds "7"]
[EventType "team-swiss"]
[EventDate "2005.12.26"]

1. e4 c5 2. Nc3 Nc6 3. Bb5 Nd4 4. Bc4 e6 5. Nge2 Nxe2 6. Qxe2 d6 7. O-O Nf6 8.
d3 Be7 9. f4 O-O 10. Bb3 Rb8 11. a4 Bd7 12. e5 Ne8 13. Rf3 dxe5 14. fxe5 Bg5
15. Bxg5 Qxg5 16. Raf1 Qe7 17. Ne4 Bc6 18. c3 b5 19. a5 Bxe4 20. Qxe4 g6 21.
Qe3 c4 22. dxc4 bxc4 23. Bxc4 Rxb2 24. Kh1 Ng7 25. Bd3 Nf5 26. Qf4 Rc8 27. Be4
Rc4 28. Qc1 Ra2 29. Rf4 Raa4 30. Bd3 Rxf4 31. Rxf4 Rxf4 32. Qxf4 Qc5 33. Bxf5
1/2-1/2

[Event "DVM U20 2005"]
[Site "Berlin GER"]
[Date "2005.12.27"]
[Round "1"]
[White "Kittler, Alexander"]
[Black "Mazarov, Jürgen"]
[Result "0-1"]
[Termination "normal"]
[Board "8.4"]
[WhiteElo "1496"]
[BlackElo "1999"]
[WhiteTeam "SV Puschendorf"]
[BlackTeam "SG Bochum 31"]
[PlyCount "44"]
[WhiteFideId "24669954"]
[BlackFideId "24617768"]
[EventCountry "GER"]
[EventRounds "7"]
[EventType "team-swiss"]
[EventDate "2005.12.26"]

1. e4 c5 2. d4 cxd4 3. c3 dxc3 4. Nxc3 d6 5. Bc4 Nf6 6. Nf3 e6 7. O-O Be7 8.
Bf4 O-O 9. Qe2 a6 10. Rfd1 b5 11. Bb3 Qb6 12. e5 dxe5 13. Nxe5 Nc6 14. Nxc6
Qxc6 15. Rac1 Bc5 16. Rd3 Bb7 17. Rg3 e5 18. Bh6 Ne8 19. Bxg7 Nxg7 20. Bd5 Qh6
21. Bxf7+ Rxf7 22. Rf1 Raf8 0-1

[Event "DVM U20 2005"]
[Site "Berlin GER"]
[Date "2005.12.27"]
[Round "1"]
[White "Fuhrmann, Marc Andre"]
[Black "Lingl, Xenia"]
[Result "1-0"]
[Termination "normal"]
[Board "8.5"]
[WhiteElo "1993"]
[BlackElo "1484"]
[WhiteTeam "SG Bochum 31"]
[BlackTeam "SV Puschendorf"]
[PlyCount "93"]
[WhiteFideId "4696980"]
[EventCountry "GER"]
[EventRounds "7"]
[EventType "team-swiss"]
[EventDate "2005.12.26"]

1. d4 d5 2. c4 e6 3. Nc3 Be7 4. cxd5 exd5 5. Bf4 c6 6. e3 Bf5 7. Nf3 Nd7 8. Bd3
Bxd3 9. Qxd3 Ngf6 10. O-O O-O 11. Rfc1 Re8 12. Rab1 Nf8 13. b4 Ng6 14. Bg3 Bd6
15. b5 Bxg3 16. hxg3 Rb8 17. bxc6 bxc6 18. Qa6 Qd7 19. Na4 h6 20. Nc5 Qc7 21.
Nd3 Rb6 22. Qa4 Reb8 23. Rxb6 Rxb6 24. Nb4 Qb7 25. Nxc6 Rb1 26. Qa3 Ng4 27. Nd2
Rb2 28. Na5 Qb8 29. Nab3 Rxd2 30. Nxd2 Qb6 31. Nf3 a6 32. Qc5 Qb2 33. Qc2 Qxc2
34. Rxc2 Nf6 35. Rc6 a5 36. Ra6 Ne4 37. Rxa5 Nc3 38. Kf1 Kf8 39. Ne5 Nxe5 40.
dxe5 Ke7 41. Ra7+ Ke6 42. f4 Ne4 43. g4 g5 44. Ra6+ Ke7 45. f5 Nc5 46. Ra7+ Kf8
47. Ra5 1-0